00849cam a2200181 4500001001100000008004100011035001500052050002200067100008000089245026200169260005600431300002100487440002800508504003200536650002700568650004000595650003200635BUCI010175 s1962 mx spa  aBUCI01017500aHD6952 bS56 19622 aCongreso Nacional de Sociología (12o : 1961 : Toluca, Estado de México)10aEstudios Sociológicos (Sociología del trabajo y del ocio) /c Decimosegundo Congreso Nacional de Sociología 1961 ; UNAM, Instituto de Investigaciones Sociales ; UNESCO, Asociación Internacional de Sociología, Asociación Mexicana de Sociología. aMéxico :bUniversidad del Edo de México, c1962 a465 p. ;c24 cm. 0aEstudios sociológicos aBibliografia: p. [449]-461.10aSociologia industrial.20aTrabajo y trabajadores xCongresos.30aIndustria xAspecto social.